书目信息 |
| 书名: | Long Time Gone | |
| 作者: | J.A.Jance | |
| 分册号: | ||
| 分册名: | 出版地: | U.S.A. |
|
| 出版社: | Avon Books | |
| 出版时间: | 2005 | |
| 页数: | 434p | |
| 开本: | 18cm | |
| 丛书名: | ||
| 中图分类号: | ||
| 科图分类号: | ||
| 其他分类号: | I712.45 | |
| 主题词: | ||
| 电子资源: | ||
| 000 | 00494nam0 2200205 450 | |
| 001 | 052012177891 | |
| 005 | 20121127143016.0 | |
| 008 | 20021229d1997 em y0chiy0121 ea | |
| 020 | @a978-0-380-72435-2@c$9.99 | |
| 041 | @aeng | |
| 091 | @aI712.45 | |
| 099 | @dI712.45@eJ111 | |
| 100 | @aJ.A.Jance | |
| 245 | 10 | @aLong Time Gone @cJ.A.Jance |
| 260 | @aU.S.A.@bAvon Books@c2005 | |
| 300 | @a434p@c18cm | |
| 521 | @aLong Time Gone | |
| 905 | @b12861 | |
| 905 | @b11420 | |
| 905 | @aTSG@dI712.45@eJ111 | |
| Long Time Gone / J.A.Jance.-U.S.A. : Avon Books , 2005 |
| 434p ; 18cm |
| Long Time Gone |
| ISBN 978-0-380-72435-2$9.99 |
| ● |
| 相关链接 |
|
|
|
正题名:Long Time Gone
索取号:I712.45/J111
 
预约/预借
| 序号 | 登录号 | 条形码 | 馆藏地/架位号 | 状态 | 备注 |